| 000 | 01692nam a2200373 i 4500 | ||
|---|---|---|---|
| 003 | EG-ScBUE | ||
| 005 | 20240116100956.0 | ||
| 008 | 170710s1998 ua f b 000 0 ara d | ||
| 017 | _a1997 / 10365 | ||
| 020 | _a9772082284 | ||
| 040 |
_aEG-ScBUE _bara _erda _cEG-ScBUE _dEG-ScBUE |
||
| 043 | _af-ua--- | ||
| 082 | 0 | 4 |
_a962 _bم ق ر _222 |
| 100 | 1 |
_aمقريزي، أحمد بن علي، _d1442-1364، _eمؤلف. |
|
| 245 | 1 | 2 |
_aالمواعظ والاعتبار بذكر الخطط والآثار، المعروف، بالخطط المقريزية / _cتأليف تقي الدين أحمد بن علي المقريزي ؛ تحقيق د. محمد زينهم، مديحة الشرقاوي ؛ راجعه وضبط هوامشه أحمد أحمد زيادة. |
| 246 | 3 | 3 | _aخطط المقريزية |
| 264 | 1 |
_aالقاهرة : _bمكتبة مدبولي، _c1998. |
|
| 300 |
_a3 مجلدات ؛ _c24 سم. |
||
| 336 |
_2rdacontent _aنص _btxt |
||
| 337 |
_aبدون وسيط _2rdamedia _bn |
||
| 338 |
_aمجلد _bnc _2rdacarrier |
||
| 490 | 0 |
_aصفحات من تاريخ مصر ؛ _v39، رقم 1-3 |
|
| 504 | _aيشتمل على إرجاعات ببليوجرافية. | ||
| 505 | 0 | _aالمجلد الأول -- المجلد الثاني -- المجلد الثالث. | |
| 651 | 7 |
_aمصر _xتاريخ _yعصر صدر الإسلام، 610-661. _2BUEsh |
|
| 651 | 7 |
_aمصر _xتاريخ. _2BUEsh |
|
| 651 | 7 |
_aمصر _xآثار. _2BUEsh |
|
| 653 |
_bGGEN _cJuly2017 |
||
| 655 | _vReading book | ||
| 700 | 1 |
_aزينهم، محمد، _eمحقق. _926882 |
|
| 700 | 1 |
_aشرقاوي، مديحة، _eمحقق. |
|
| 700 | 1 |
_aزيادة، أحمد أحمد، _eمراجع. |
|
| 942 | _2ddc | ||
| 999 |
_c25009 _d24981 |
||